| 000 | 00696cam a2200229 a 4500 | ||
|---|---|---|---|
| 999 |
_c6122 _d6122 |
||
| 001 | 4398 | ||
| 003 | BD-DhUAP | ||
| 005 | 20201224152903.0 | ||
| 008 | 201224s2000 maua b 001 0 eng | ||
| 020 | _a0070214417 | ||
| 040 |
_aDLC _cDLC _dBD-DhUAP _beng |
||
| 082 | 0 | 0 |
_a658.1511 EDM _223 |
| 100 | _aEdmonds, Thomas P. | ||
| 245 |
_aFundamental managerial accounting concepts / _cThomas P. Edmonds, Cindy D. Edmonds and Bor-Yi Tsay. |
||
| 260 |
_aBoston : _bIrwin/McGraw-Hill, _cc2000. |
||
| 300 |
_axxvii, 625 pages : _billustrations ; _c26 cm. |
||
| 500 | _aIncludes index. | ||
| 650 | _aManagerial accounting. | ||
| 700 | _aEdmonds, Cindy D. | ||
| 700 | _aTsay, Bor-Yi. | ||
| 942 |
_2ddc _cBK |
||